| 000 | 00691nam a2200181 4500 | ||
|---|---|---|---|
| 001 | 131454 | ||
| 003 | ES-MaACL | ||
| 005 | 20251004063151.0 | ||
| 007 | t| | ||
| 008 | 070214s1966 sp r ||||1| spa d | ||
| 100 | 1 |
_aRodríguez Demorizi, Emilio, _d1908-1986 _998490 |
|
| 245 | 1 | 0 |
_aEspaña y los comienzos de la pintura y la escultura en América / _cEmilio Rodríguez Demorizi ; prólogo por el Marqués de Lozoya. |
| 260 |
_aMadrid : _b[s. n.], _c1966 ( _fGráf. Reunidas) |
||
| 300 |
_a208 p., 14 lám. ; _c26 cm. |
||
| 700 | 1 |
_aLozoya, Juan de Contreras y López de Ayala, _cMarqués de, _d1893-1978 _9129112 |
|
| 852 |
_aES-MaACL _jC-30823 _bR.70203 |
||
| 999 |
_c131454 _d131454 |
||